Statistiques concernant Renaud en chansons

Cliquez ici pour prendre le quiz!

Statistiques générales

  • Ce quiz a été pris 113 fois
  • Le résultat moyen est 16 sur 28

Statistiques - réponses

ChansonParoles% Correct
Mistral gagnantÀ m'asseoir sur un banc cinq minutes avec toi Et regarder les gens tant qu'y en a
97%
Marche à l'ombreEt j' ui ai dit Toi tu m' fous les glandes Pis t'as rien à foutre dans mon monde Arrache toi d' là t'es pas d' ma bande
87%
Manhattan-KaboulPetit Portoricain, bien intégré quasiment New-Yorkais Dans mon building tout de verre et d'acier
86%
Morgane de toiIl y a un mariole, il a au moins quatre ans Il veut t'piquer ta pelle et ton seau
85%
Laisse bétonJ'étais tranquille j'étais peinard Accoudé au flipper Le type est entré dans le bar A commandé un jambon beurre
84%
HexagoneSi le roi des cons perdait son trône, Y'aurait cinquante millions de prétendants
78%
En cloqueElle a mis sur l' mur Au dessus du berceau Une photo d'Arthur Rimbaud
78%
Miss MaggieFemmes du monde ou bien putains qui, bien souvent, êtes les mêmes Femmes normales, stars ou boudins Femelles en tout genre, je vous aime
76%
Dans mon HLMY'a une espèce de barbouze Qui surveille les entrées Qui tire sur tout c' qui bouge Surtout si c'est bronzé
74%
ManuVa pas t'tailler les veines Une gonzesse de perdue C'est dix copains qui r'viennent
72%
Toujours deboutToujours vivant, rassurez vous Toujours la banane ........ ...... J'suis retapé, remis sur pieds Droit sur mes guibolles ressuscité
72%
Dès que le vent souffleraC'est pas l'homme qui prend la mer C'est la mer qui prend l'homme, tatatin
70%
Docteur Renaud, Mister RenardComme y’a eu Gainsbourg et Gainsbarre Y’a le Renaud et le Renard Le Renaud ne boit que de l’eau Le Renard carbure au Ricard
62%
Mon beaufOn choisit ses copains mais rarement sa famille Y a un gonze mine de rien qu'a marié ma frangine
62%
Ma gonzesse...... celle que je suis avec Ma princesse, celle que je suis son mec Oh oh oh
60%
La mère à TitiC'est tout p'tit chez .. .... . .... C'est un peu l'Italie C'est l'bonheur, la misère et l'ennui C'est la mort, c'est la vie
58%
Les bobosIls sont une nouvelle classe Après les bourges et les prolos Pas loin des beaufs, quoique plus classe Je vais vous en dresser le tableau
52%
It Is Not Because You AreWhen I have rencontred you, You was a jeune fille au pair, And I put a spell on you, And you roule a pelle to me
45%
Germaine........ une java ou un tango, C'est du pareil au même, pour te dire que je t'aime, Qu'importe le tempo,
44%
C'est mon dernier balMa dernière virée Demain dans l'journal Y'aura mon portrait
42%
Marchand de caillouxDis, Papa, quand c'est qu'y passe Le marchand d'liberté 'L'en a oublié un max En faisant sa tournée
41%
Viens chez moi j'habite chez une copineJ'ai l'cœur comme une éponge Spéciale pour filles en fleurs Heureusement parc'que ma tronche C'est pas vraiment une fleur
40%
Chanson pour PierrotPierrot, mon gosse, mon frangin, mon poteau Mon copain tu me tiens chaud Pierrot
39%
La ballade nord-irlandaiseJ'ai voulu planter un oranger Là où la chanson n'en verra jamais Là où les arbres n'ont jamais donné Que des grenades dégoupillées
36%
Les Aventures de Gérard LambertLorsque soudain survient le drame Juste à la sortie d'un virage Y'a plus d'essence dans la bécane Gérard Lambert est fou de rage !
35%
Banlieue rougeElle crèche cité Lénine Une banlieue ordinaire Deux pièces et la cuisine Canapé frigidaire Préfér'rait habiter Cité Mireille Mathieu
30%
Baby-Sitting BluesSamedi soir, on est d'virée On a confié la gamine À la gonzesse d'à côté La voisine
25%
JonathanEntre guitare et fusil ........ a bien choisi Ses chansons sont des pavés Des brûlots Qui donnent des ailes aux marmots
19%

Distribution des résultats

Percentile par nombre de réponses

% des personnes avec chaque résultat

Votre développement - résultats

Vous n’avez pas pris ce quiz